[Event "Fouesnant op 11th"]
[Site "Fouesnant"]
[Date "2005.10.23"]
[Round "2"]
[White "Peyre, Jean Jacques"]
[Black "Soyer, Jean Yves"]
[Result "1/2-1/2"]
[WhiteElo "1660"]
[BlackElo "2132"]
[PlyCount "117"]
[EventDate "2005.10.22"]
[EventType "swiss"]
[EventRounds "9"]
[EventCountry "FRA"]
[SourceTitle "EXT 2007"]
[Source "ChessBase"]
[SourceDate "2006.11.23"]
[SourceVersion "1"]
[SourceVersionDate "2006.11.23"]
[SourceQuality "1"]

1. c4 g6 2. Nf3 Bg7 3. g3 Nf6 4. Bg2 0-0 5. 0-0 d6 6. Nc3 e5 7. d3 Nc6 8. h3 h6 9. e4 Nd7 10. a3 a5 11. Be3 Nc5 12. Bxc5 dxc5 13. Qc2 h5 14. Rad1 Bh6 15. Kh2 Kg7 16. Ne2 Be6 17. Qc3 f6 18. Nfg1 g5 19. Nf3 Qd7 20. Nfg1 g4 21. f4 gxf3 22. Nxf3 Kh7 23. Nh4 Nd4 24. Nxd4 cxd4 25. Qc2 Qg7 26. Nf5 Bxf5 27. Rxf5 h4 28. g4 Bg5 29. a4 Ra6 30. b3 Qe7 31. Kh1 Rb6 32. Rb1 Qb4 33. Rff1 Kg7 34. Rf5 Rd8 35. Rff1 Qc3 36. Rf2 Qb4 37. Qa2 Rc6 38. Rc2 Rc5 39. Ra1 Qb6 40. Qa3 Qd6 41. Qa2 Ra8 42. Qb1 Ra6 43. Rb2 Rb6 44. Qe1 Rb4 45. Rab1 Rc6 46. Qd1 Ra6 47. Qc2 Qf8 48. Qd1 Kg6 49. Qf3 Bf4 50. Bf1 Ra8 51. Be2 Kg5 52. Bd1 Qc5 53. Be2 c6 54. Bd1 Rb8 55. Rc2 Rb6 56. Qe2 Rg8 57. Qe1 Rb4 58. Qf1 Ra8 59. Qe2 1/2-1/2